000 00968nam0a2200289 4500
001 RU\NLR\bibl\1838410
005 20250616171226.0
010 _a978-5-7024-2868-0
021 _aRU
_b2011-86660
_96185
035 _a(NLR Aleph) 001828881
090 _a2110009
_c2110009
100 _a20111124d2011 |||y0rusy50 ca
101 1 _arus
_cund
102 _aRU
105 _ay |||||||||
200 1 _aВ серебряных каплях дождя
_eроман
_fЭлен Милдред
210 _aмосква
_cПанорама
_d2011
215 _a189, [1] с.
_d16
225 1 _aПанорама романов о любви
_eпериодический литературно-художественный альманах
_v11-109
686 _aШ6(4Вл)67-440.4{Лх1299-50}
700 1 _aМилдред
_bЭ.
_gЭлен
_4070
801 0 _aRU
_bNLR
_c20111124
_gRCR
801 1 _aRU
_bNLR
_c20111124
942 _cBOOK
980 _aNB
980 _aNBR